| Tag |
First Indicator |
Second Indicator |
Subfields |
| LEADER |
00000cam a22000004a 4500 |
| 001 |
in00002532425 |
| 005 |
20151113123244.0 |
| 008 |
090605s2010 cau b 001 0 eng |
| 010 |
|
|
|a 2009023348
|
| 020 |
|
|
|a 9781412974226 (pbk.)
|
| 020 |
|
|
|a 1412974224 (pbk.)
|
| 035 |
|
|
|a (OCoLC)ocn320805584
|
| 035 |
|
|
|a (OCoLC)320805584
|
| 040 |
|
|
|a DLC
|c DLC
|d BTCTA
|d C#P
|d UtOrBLW
|
| 049 |
|
|
|a TXAM
|
| 050 |
0 |
0 |
|a LB1139.35.A37
|b D57 2010
|
| 082 |
0 |
0 |
|a 372.21
|2 22
|
| 100 |
1 |
|
|a Dischler, Patricia A.
|
| 245 |
1 |
0 |
|a Teaching the 3 Cs :
|b creativity, curiosity, and courtesy : activities that build a foundation for success /
|c Patricia A. Dischler.
|
| 264 |
|
1 |
|a Thousand Oaks, Calif. :
|b Corwin Press,
|c [2010]
|
| 264 |
|
4 |
|c ©2010
|
| 300 |
|
|
|a vii, 175 pages ;
|c 26 cm.
|
| 336 |
|
|
|a text
|b txt
|2 rdacontent
|
| 337 |
|
|
|a unmediated
|b n
|2 rdamedia
|
| 338 |
|
|
|a volume
|b nc
|2 rdacarrier
|
| 504 |
|
|
|a Includes bibliographical references and indexes.
|
| 650 |
|
0 |
|a Early childhood education
|x Activity programs.
|
| 650 |
|
0 |
|a Creative activities and seat work.
|
| 650 |
|
0 |
|a Social interaction
|x Study and teaching (Early childhood)
|
| 938 |
|
|
|a Baker and Taylor
|b BTCP
|n BK0008368272
|
| 945 |
|
|
|a PromptCat
|b 852283
|
| 946 |
|
|
|a stk
|
| 947 |
|
|
|a A14840005576
|
| 994 |
|
|
|a 92
|b TXA
|
| 948 |
|
|
|a cataloged
|b h
|d 2009/12/14
|h c
|e asalazar
|f 1:41:14 pm
|
| 999 |
|
|
|a MARS
|
| 999 |
f |
f |
|s 2139aab5-108f-3850-997b-f7fa43fd7e81
|i 8a4ddcf8-0a4c-326e-8ef0-924a2f533486
|t 0
|
| 952 |
f |
f |
|p normal
|a Texas A&M University
|b College Station
|c Sterling C. Evans Library
|d Evans: Library Stacks
|t 0
|e LB1139.35.A37 D57 2010
|h Library of Congress classification
|i unmediated -- volume
|m A14840005576
|
| 998 |
f |
f |
|a LB1139.35.A37 D57 2010
|t 0
|l Evans: Library Stacks
|